| 000 | 00425nam a22001697a 4500 | ||
|---|---|---|---|
| 003 | SGT | ||
| 020 | _a9789392787225 | ||
| 082 |
_a610.73 _bP22R |
||
| 100 | _aRASTOGI,RAJIV | ||
| 245 | _aPRAKIRTIK CHIKITSHA EVAM YOGA: PURNA SWASTHA KA MULL | ||
| 250 | _a1ST | ||
| 260 |
_aNEW DELHI _bS.S.BOOKS _c2022 |
||
| 300 | _a56 | ||
| 650 | _aNATUROPATHY | ||
| 653 | _aPRAKIRTIK, CHIKITSHA ,YOGA, SWASTHA, MULL | ||
| 942 |
_2ddc _cBK _020 |
||
| 999 |
_c24571 _d24571 |
||